The Bedford companion to Shakespeare : (Record no. 249)

MARC details
000 -LEADER
fixed length control field 00905cam a2200229 4500
001 - CONTROL NUMBER
control field 281
005 - DATE AND TIME OF LATEST TRANSACTION
control field 20181127161107.0
008 - FIXED-LENGTH DATA ELEMENTS--GENERAL INFORMATION
fixed length control field 951107s1996 maua bf 001 0deng
010 ## - LIBRARY OF CONGRESS CONTROL NUMBER
LC control number 95080798
020 ## - INTERNATIONAL STANDARD BOOK NUMBER
International Standard Book Number 0312100752 (pbk.)
International Standard Book Number 0312158572
043 ## - GEOGRAPHIC AREA CODE
Geographic area code e-uk-en
100 1# - MAIN ENTRY--PERSONAL NAME
Personal name McDonald, Russ,
Dates associated with a name 1949-
245 14 - TITLE STATEMENT
Title The Bedford companion to Shakespeare :
Remainder of title an introduction with documents /
Statement of responsibility, etc. Russ McDonald.
260 ## - PUBLICATION, DISTRIBUTION, ETC.
Place of publication, distribution, etc. Boston :
Name of publisher, distributor, etc. Bedford Books of St. Martin's Press,
Date of publication, distribution, etc. c1996.
300 ## - PHYSICAL DESCRIPTION
Extent xix, 373 p. :
Other physical details ill. ;
Dimensions 25 cm.
504 ## - BIBLIOGRAPHY, ETC. NOTE
Bibliography, etc. note Includes bibliographical references and index.
600 10 - SUBJECT ADDED ENTRY--PERSONAL NAME
Personal name Shakespeare, William,
Dates associated with a name 1564-1616
General subdivision Examinations
-- Study guides.
Personal name Shakespeare, William,
Dates associated with a name 1564-1616
General subdivision Handbooks, manuals, etc.
650 #0 - SUBJECT ADDED ENTRY--TOPICAL TERM
Topical term or geographic name entry element Dramatists, English
Chronological subdivision Early modern, 1500-1700
General subdivision
-- Handbooks, manuals, etc.
651 #0 - SUBJECT ADDED ENTRY--GEOGRAPHIC NAME
Geographic name England
General subdivision Civilization
Chronological subdivision 16th century
General subdivision Handbooks, manuals, etc.
Holdings
Withdrawn status Lost status Source of classification or shelving scheme Damaged status Not for loan Collection code Home library Current library Shelving location Serial Enumeration / chronology Inventory number Total Checkouts Full call number Barcode Date last seen Copy number Price effective from Koha item type
    Dewey Decimal Classification     Reference RTC Library RTC Library Reference 560   822.33 MCD 30000316 27/11/2018 1 27/11/2018 Reference
    Dewey Decimal Classification     Main TEST RTC Library RTC Library Main opac 1785   822.33 MCD 30002053 27/11/2018 2 27/11/2018 Main
Royal Thimphu College || All Right Reserved